Capital Cities of States with Limited Recognition - Statistics

General Stats
  • This quiz has been taken 518 times
  • The average score is 6 of 14
Answer Stats
Territory Capital % Correct
Wales Cardiff
97%
Scotland Edinburgh
97%
Greenland Nuuk
93%
Transnistria Tiraspol
48%
Faroe Islands Tórshavn
43%
Somaliland Hargeisa
40%
Kurdistan Erbil
39%
Aruba Oranjestad
36%
Curaçao Willemstad
36%
Abkhazia Sukhumi
17%
Sint Maarten Philipsburg
14%
Niue Alofi
13%
Cook Islands Avarua
12%
South Ossetia Tskhinvali
10%
No matching quizzes found
Score Distribution
Percent of People with Each Score
Percentile by Number Answered
Your Score History
You have not taken this quiz